IFSC World Championships locations and winners - Statistics

General Stats
  • This quiz has been taken 15 times
  • The average score is 28 of 132
Answer Stats
Year Location & Winner % Correct
2014 | 2016 | 2019 Adam Ondra
83%
2016 | 2018 | 2019 | 2023 Janja Garnbret
83%
1997 | 2012 | 2016 Paris
83%
2023 Bern
75%
1993 | 2018 Innsbruck
67%
2012 | 2018 | 2021 | 2023 Jakob Schubert
67%
2012 | 2014 Kim Ja-in
67%
2016 | 2019 Tomoa Narasaki
58%
2023 Ai Mori
50%
2021 Natalia Grossman
50%
2023 Mickael Mawem
42%
2018 | 2021 Jessica Pilz
33%
2019 Hachioji
25%
2021 Moscow
25%
2005 | 2014 Munich
25%
2016 Petra Klingler
25%
2018 | 2019 Aleksandra Mirosław
17%
2011 Arco
17%
2018 Kai Harada
17%
2021 Kokoro Fujii
17%
1995 Robyn Erbesfield
17%
2012 | 2014 | 2016 Sean McColl
17%
2009 Alexey Rubtsov
8%
2007 | 2011 Anna Stöhr
8%
1997 François Petit
8%
2014 Juliane Wurm
8%
2019 Ludovico Fossali
8%
2012 Mélanie Sandoz
8%
2003 Muriel Sarkany
8%
2021 Natalia Kałucka
8%
2007 | 2011 Ramón Julián Puigblanque
8%
2018 Reza Alipour
8%
2014 Alina Gaidamakina
0%
1995 Andrey Vedenmeer
0%
2005 | 2007 | 2011 | 2012 Angela Eiter
0%
2016 Anna Tsyganova
0%
2007 Avilés
0%
1999 Bernardino Lagni
0%
1999 Birmingham
0%
2019 Briançon
0%
2003 Chamonix
0%
2014 Charlotte Durif
0%
2003 Christian Core
0%
1997 Daniel Andrada
0%
2014 | 2021 Danyil Boldyrev
0%
2023 Desak Made Rita Kusuma Dewi
0%
2007 | 2011 | 2012 Dmitri Sarafutdinov
0%
2016 Elena Krasovskaia
0%
2005 Evgeny Vaitcekhovsky
0%
1991 | 1993 | 1995 François Legrand
0%
1991 Frankfurt
0%
1995 Geneva
0%
2001 Gérome Pouvreau
0%
2014 Gijón
0%
1991 Hans Florine
0%
2009 He Cuilian
0%
1991 Isabelle Dorsimond
0%
2009 Johanna Ernst
0%
1997 | 1999 Liv Sansoz
0%
2001 | 2003 Maksym Styenkovyy
0%
2016 Marcin Dzieński
0%
2011 Maria Krasavina
0%
2001 Martina Cufar
0%
2023 Matteo Zurloni
0%
2001 Mauro Calibani
0%
2001 Myriam Motteau
0%
1995 Natalie Richer
0%
2001 | 2003 | 2005 Olena Ryepko
0%
1993 Olga Bibik
0%
2005 Olga Shalagina
0%
1999 Olga Zakharova
0%
2009 Patxi Usobiaga Lakunza
0%
2005 Salavat Rakhmetov
0%
2003 Sandrine Levet
0%
2021 Seo Chae-hyun
0%
1991 | 1993 Susi Good
0%
1997 | 2007 Tatiana Ruyga
0%
2003 | 2005 Tomáš Mrázek
0%
1993 Vladimir Netsvetaev
0%
1999 Vladimir Zakharov
0%
2001 Winterthur
0%
2009 Xining
0%
2021 Yannick Flohé
0%
2009 Yulia Abramchuk
0%
2012 Yulia Levochkina
0%
2007 | 2009 | 2011 | 2012 Zhong Qixin
0%
No matching quizzes found
Score Distribution
Percent of People with Each Score
Percentile by Number Answered
Your Score History
You have not taken this quiz